000 00619nam a2200241 a 4500
001 0001-1073
003 ELIB.Books
008 141218 2010 eng
020 _a0020332718
035 _a(ELIB.Books)0001-1228
092 _a248.4
_bHob
100 _aHobe, Phyllis.
245 _aLiving Boldly
_bAsserting Your Spiritual Power
260 _aNew York
_bCollier Books
_c1988
300 _a124
_c20.5 Cm
500 _aC/o Moe Lwai
650 _aChristian Life
856 _nKBTS; Library
_uKBTS; Elib.
942 _2ddc
_cBK
990 _a1
998 _cbat
_e2014-12-18
999 _c11073
_d11073